Catalog

Record Details

Catalog Search



Jeb Scarecrow's pumpkin patch  Cover Image Book Book

Jeb Scarecrow's pumpkin patch / Jana Dillon.

Dillon, Jana. (Author).

Summary:

Jeb Scarecrow comes up with a wonderful plan to scare the crows away from his pumpkin patch.

Record details

  • ISBN: 0395575788
  • Physical Description: 32 pages
  • Publisher: Boston : Houghton Mifflin, 1992.
Subject: Scarecrows > Fiction.
Pumpkin > Fiction.
Crows > Fiction.
Jack-o-lanterns > Fiction.

Available copies

  • 1 of 1 copy available at scottsboropl.

Holds

  • 0 current holds with 1 total copy.
Show Only Available Copies
Location Call Number / Copy Notes Barcode Shelving Location Status Due Date
scottsboropl E Dil 32269000742679 Juvenile - Easy Available -

LDR 00863cam a2200265 a 4500
001116641
003CONS
00520140703073255.0
008910422s1992 mau j 000 1 eng
010 . ‡a 91016423
020 . ‡a0395575788
035 . ‡a(CPomAG)LMN310742
05000. ‡aPZ7.D5795 ‡bJe 1992
08200. ‡a[E] ‡220
1001 . ‡aDillon, Jana.
24510. ‡aJeb Scarecrow's pumpkin patch / ‡cJana Dillon.
260 . ‡aBoston : ‡bHoughton Mifflin, ‡c1992.
300 . ‡a32 pages
520 . ‡aJeb Scarecrow comes up with a wonderful plan to scare the crows away from his pumpkin patch.
650 1. ‡aScarecrows ‡vFiction.
650 1. ‡aPumpkin ‡vFiction.
650 1. ‡aCrows ‡vFiction.
650 1. ‡aJack-o-lanterns ‡vFiction.
959 . ‡i32269000742679 ‡lE Dil ‡aJuvenile - Easy ‡tEasy ‡g10.00
852 . ‡p32269000742679 ‡jE Dil ‡gJuvenile - Easy ‡cEasy ‡y10.00 ‡bSBPL
901 . ‡a116641 ‡bUnknown ‡c116641 ‡tbiblio

Additional Resources